- Kawakami, Mieko,
Entry Nombre personal
001 - NÚMERO DE CONTROL
- campo de control: 1677
003 - IDENTIFICADOR DE NÚMERO DE CONTROL
- campo de control: DLC
005 - FECHA Y HORA DE LA ÚLTIMA TRANSACCIÓN
- campo de control: 20260526192836.0
008 - ELEMENTOS DE DATO DE LONGITUD-FIJA
- campo de control de longitud fija: 080805n| azannaabn |b aaa c
010 ## - NÚMERO DE CONTROL DE LA BIBLIOTECA DEL CONGRESO
- Número de control de LC: no2008112406
024 7# - IDENTIFICADOR DE OTROS ESTÁNDARES
- Número estándar o código: 119665451
- Fuente: viaf
- URI de un objeto del mundo real: http://viaf.org/viaf/119665451
035 ## - NÚMERO DE CONTROL DEL SISTEMA
- Número de control de sistema: (OCoLC)oca07839693
040 ## - FUENTE DE CATALOGACIÓN
- Centro catalogador/agencia de origen: NNC-EA
- Lengua de catalogación: eng
- Normas de descripción: rda
- Centro/agencia transcriptor: NNC
- Centro/agencia modificador: InU
- Centro/agencia modificador: NNC
046 ## - FECHAS CON CODIFICACIÓN ESPECIAL
- Fecha de nacimiento: 1976-08-29
- Fuente del esquema de fecha: edtf
053 #0 - NÚMERO DE CLASIFICACIÓN LC
- Número de clasificación–único número o número inicial del rango: PL872.5.A89
100 1# - ENCABEZAMIENTO-NOMBRE DE PERSONA
- Nombre de persona: Kawakami, Mieko,
- Fechas asociadas al nombre: 1976-
370 ## - LUGAR ASOCIADO
- Lugar de nacimiento: Osaka (Japan : Prefecture)
- Fuente del término: naf
374 ## - OCUPACIÓN
- Ocupación: Authors
- Ocupación: Singers
- Fuente del término: lcsh
377 ## - IDIOMA ASOCIADO
- Código del idioma: jpn
400 1# - TRAZADO DE VÉASE--NOMBRE DE PERSONA
- Nombre de persona: 川上未映子,
- Fechas asociadas al nombre: 1976-
670 ## - FUENTE DE DATOS ENCONTRADOS
- Cita de la fuente: Watakushi ritsu in hā, matawa, Sekai, 2007:
- Información encontrada: t.p. (川上未映子 = Kawakami Mieko) colophon (r; b. 1976; writer, singer)
670 ## - FUENTE DE DATOS ENCONTRADOS
- Cita de la fuente: Subete mayonaka no koibitotachi, 2011:
- Información encontrada: p. 310 (r; 8/29/1976 in Ōsaka-fu)